Hanging on while an industry collapses (Record no. 73234)
[ view plain ]
| 000 -LEADER | |
|---|---|
| fixed length control field | 01182cam a2200193 4500 |
| 001 - CONTROL NUMBER | |
| control field | ABS67020 |
| 008 - FIXED-LENGTH DATA ELEMENTS--GENERAL INFORMATION | |
| fixed length control field | 030818n2003 000 0 eng u |
| 035 ## - SYSTEM CONTROL NUMBER | |
| System control number | (Sirsi) u123289 |
| 100 ## - MAIN ENTRY--PERSONAL NAME | |
| Personal name | De Castella, T. |
| 245 ## - TITLE STATEMENT | |
| Title | Hanging on while an industry collapses |
| 260 ## - PUBLICATION, DISTRIBUTION, ETC. | |
| Date of publication, distribution, etc. | 2003 |
| 490 ## - SERIES STATEMENT | |
| Series statement | Farmers' Weekly |
| Volume/sequential designation | 139(3) 18 July 2003, 88-89(2) |
| 520 ## - SUMMARY, ETC. | |
| Summary, etc. | Looks at the situation for Zimbabwe's mainly white commercial farmers in the face of President Mugabe's uncompromising compulsory land acquisition. Finds that the farms invaded by the Zimbabwean army veterans are not producing enough to support the new settlers and that those white farmers left are still being intimidated and threatened with eviction. Nor have the reforms held to the policy's stated aims of fairness, redressing colonial injustice and black empowerment, as the 'one man, one farm' ideal has been ignored with many of Mugabe's supporters having done well out of phase two of the land reform. Concludes that the outlook for the country's agricultural sector is bleak as production levels plummet. |
| 590 ## - LOCAL NOTE (RLIN) | |
| Local note | ABS |
| 650 ## - SUBJECT ADDED ENTRY--TOPICAL TERM | |
| Topical term or geographic name entry element | ZIMBABWE |
| 650 ## - SUBJECT ADDED ENTRY--TOPICAL TERM | |
| Topical term or geographic name entry element | LAND REFORM |
| 690 ## - LOCAL SUBJECT ADDED ENTRY--TOPICAL TERM (OCLC, RLIN) | |
| Topical term or geographic name as entry element | Rural |
| 9 (RLIN) | 6268 |
| 942 ## - ADDED ENTRY ELEMENTS (KOHA) | |
| Suppress in OPAC | 0 |
| Withdrawn status | Lost status | Source of classification or shelving scheme | Damaged status | Not for loan | Home library | Current library | Shelving location | Date acquired | Total Checkouts | Full call number | Barcode | Date last seen | Copy number | Price effective from | Koha item type |
|---|---|---|---|---|---|---|---|---|---|---|---|---|---|---|---|
| Dewey Decimal Classification | London | London | Journal article | 18/08/2003 | ABS67020 | 123289-1001 | 06/08/2019 | 1 | 06/08/2019 | Journal article |